Management of Receivables in a Company

Zhodnotenie nastaveného systému riadenia pohľadávok konkrétneho podnikateľského subjektu. Identifikácia problematických oblastí v podnikateľskom subjekte. Prevencia, vymáhanie, sledovanie a kontrola pohľadávok.

Gespeichert in:
Bibliographische Detailangaben
1. Verfasser: Kudlová, Zuzana, 1986-
Format: Buchkapitel
Sprache:Englisch
Schlagworte:
Tags: Tag hinzufügen
Keine Tags, Fügen Sie das erste Tag hinzu!

MARC

LEADER 00000naa$a2200000$$$4500
001 0288321
005 20240502074423.8
041 0 |a eng 
044 |a SK 
245 1 0 |a Management of Receivables in a Company  |c Zuzana Kudlová 
520 |a Zhodnotenie nastaveného systému riadenia pohľadávok konkrétneho podnikateľského subjektu. Identifikácia problematických oblastí v podnikateľskom subjekte. Prevencia, vymáhanie, sledovanie a kontrola pohľadávok. 
610 2 0 |a pohľadávky 
610 2 0 |a položky opravné 
610 2 0 |a spoločnosti 
610 2 0 |a podnik 
100 1 |a Kudlová, Zuzana, 1986-